000 00295nam a22001217a 4500
008 180518b xxu||||| |||| 00| 0 eng d
041 _aeng
080 _a043.3
100 _a0
101 _aSHKI-BA
245 _aEfektet e Cloud Computing ne Menyrat e Programimit
_cBerisha, P
942 _2udc
_cBK
999 _c45932
_d45932